000 00643nam a2200289Ia 4500
005 20260324150235.0
008 008 260324s9999 xx 000 0 eng d
020 _a9781315830032
037 _aEBOOK
040 _aCRL
040 _beng
040 _cCRL
041 _2eng
041 _aeng
084 _qCRL
100 _aAlastair Hannay
_91118330
245 0 _aMental Images
245 2 _bA Defence
260 _bTaylor and Francis
260 _c1971
365 _a
365 _b420
856 _uhttp://www.taylorfrancis.com/books/9781315830032
942 _cEBOOK
999 _c1834853
_d1834853